LEADER 01306nam a2200265 i 4500 001 000000166261 003 CaOOAMICUS 005 20071108000000.0 008 071108s1937 it u000 u ita u 013 $a143629 040 $aSeMil$bita 100 1 $aCastelli, Alberto,$d<1907-1971>.$0(OLS)http://semarc/name/19156 245 10$aThomas Hardy poeta :$bsaggio d'interpretazione /$cAlberto Castelli. 260 $aMilano :$bVita e Pensiero,$c1937. 300 $a71 p. ;$c26 cm. 490 0 $aPubblicazioni della Università Cattolica del Sacro Cuore. Ser. 4., Scienze filologiche ;$vVol.24. 490 0 $aPubblicazioni della Università Cattolica del Sacro Cuore 650 4$aHardy, Thomas <1840-1928>.$0(OLS)http://semarc/subject/16223 830 0$aPubblicazioni della Università Cattolica del Sacro Cuore. Ser. 4., Scienze filologiche ;$vVol.24.$0(OLS)http://semarc/title/9538 830 0$aPubblicazioni della Università Cattolica del Sacro Cuore.$0(OLS)http://semarc/title/22052 850 $aSeMil 852 $aSeMil$W1$xVenegono$y1$m1F VI 32$j117432$B117432$CSeMilBibl$Z2$F128425 $81 961 $aRecupero: Altro 996 $6245$aThomas Hardy poeta :$bsaggio d'interpretazione$9(OLS)http://semarc/title/237494 996 $6260$aMilano :$bVita e Pensiero$9(OLS)http://semarc/publisher/29642 LEADER 01112nam a2200289 i 4500 001 000000188491 003 CaOOAMICUS 005 20150223000000.0 008 150223s1936 it u000 u ita u 013 $a166675 040 $aSeMil$bita 100 1 $aTonelli, Luigi <1890-1939>.$0(OLS)http://semarc/name/35478 245 13$aIl teatro contemporaneo italiano /$cdi Luigi Tonelli. 250 $a2. ed. interamente rifusa ed aggiornata. 260 $aMilano :$bCorbaccio,$cstampa 1936. 300 $a273 p. ;$c18 cm. 490 0 $aI corvi ;$v62 500 $aFondo card. Giovanni Colombo. 650 4$aTeatro - Storia.$0(OLS)http://semarc/subject/649 650 4$aTeatro - Studi.$0(OLS)http://semarc/subject/15312 830 2$aI corvi ;$v62.$0(OLS)http://semarc/title/12990 850 $aSeMil 852 $aSeMil$W1$xVenegono$y1$m3GC I 233$j139131$B139131$CSeMilBibl$Z2$F150734 $8B 941 1 $a3 961 $aLascito: Colombo Card. Giovanni 996 $6245$aIl teatro contemporaneo italiano$9(OLS)http://semarc/title/271255 996 $6260$aMilano :$bCorbaccio$9(OLS)http://semarc/publisher/31394